000
00191 a2200097 4500
001
10501
100
_a
Kemp, P.K.
245
_a
Victory at sea
260
_a
_b
Muller
_c
090
_c
8117
_d
8117
942
_a
NUST-CAE
_c
M
_c
34842
999
_c
245574
_d
245574